императора Александра III

RUSMARC
00005817nac2a22003973x 450
0018135bd3d-25b2-4fb7-9b95-1cce846a90cb
00520240819203335.0
100##$a20240716l18801881k y0rusy50 ca
1010#$arus
$ager
102##$aRU
105##$ay z |||||
1222#$ad18800221
$ad18810430
2001#$aимператора Александра III
$j21.02.1880 - 30.04.1881
215##$a30 листов
$d31 х 22,5
251##$cДело
300##$aЗаголовок дела на папке: Письма Александра III к Михаилу Тариеловичу Лорис-Меликову
300##$aНа папке дела: 1880-1881 гг.
300##$aЛисты: 3 - монограмма; 2, 5, 7, 10, 13, 14, 19, 21, 23, 24, 25, 26, 28, 29 - герб; 4, 11, 15 - вензель; 1, 6, 8 - вырезаны [гербы]; 17-18, 19, 20-23, 26-27 - надрывы по краям
300##$aЧасть текста на немецком языке
300##$aРукописный и типографский текст
325##$aЗамикрофильмировано
330##$aВходит в раздел описи: Письма разных лиц к Лорис-Меликову
461#0$1001cda3d175-ae4a-411a-8dea-9cc20fb178f6
$12001
$aЛорис-Меликов Михаил Тариелович, граф, министр внутренних дел, главный начальник "верховной распорядительной комиссии по охранению государственного порядка и общественного спокойствия", генерал от кавалерии
$1251
$cФонд
$1852
$j569
462#0$1001163e060a-d7cc-404d-90ee-e28c9801971b
$12001
$aОпись дел фонда М. Т. Лорис-Меликова за 1858-1915 гг.
$vД. 143А
$1251
$cОпись
$1852
$j1
5171#$aПисьма Александра III к Михаилу Тариеловичу Лорис-Меликову
600#0$aАлександр
$cимп.
$dIII
600#1$aЛорис-Меликов
$bМ. Т.
$gМихаил Тариелович
605##$3DITM\AF\0000002775
$aВласть
$lколлекция
$2acquisition_prlib
6101#$aПисьма
686##$a63.3(2)535-332ю1
$cИстория
$2rubbk
686##$a67.400.6ю1
$cПраво
$2rubbk
700#0$aАлександр
$cимп.
$dIII
702#1$aЛорис-Меликов
$bМ. Т.
$gМихаил Тариелович
$4660
801#0$aRU
$bGA_RF
801#1$aRU
$bГлавНИВЦ
$c20240716
$2rusmarc
801#2$aRU
$bПБ им. Б.Н. Ельцина
$c20240819
$gRCR
$2rusmarc
852##$aГА РФ
$j143
$lА
937##$d193624822
$hГАРФ
035##$aRuPRLIB51076501
856##$uhttp://readingroom.main.prlib.ru/item.aspx?id_node=n193624822&mode=full
Формат отображения